| 000 | 00631nam a2200217 a 4500 | ||
|---|---|---|---|
| 005 | 20210223123822.0 | ||
| 008 | 991125n 000 0 spa u | ||
| 035 | _aUPN01000070082 | ||
| 100 | 1 |
_aSánchez Puentes, Ricardo _929941 |
|
| 222 | _aREVISTA DE LA EDUCACION SUPERIOR | ||
| 245 | _aLa crisis de la investigación en la educación superior | ||
| 300 | _a139-169 | ||
| 362 | 0 | _a1988 Vol. 17, no. 1(65), ene.-mar. | |
| 653 | 0 | _aCRISIS ECONOMICA | |
| 653 | 0 | _aCRISIS EDUCATIVA | |
| 653 | 0 | _aEDUCACION SUPERIOR | |
| 653 | 0 | _aINVESTIGACION CIENTIFICA | |
| 653 | 0 | _aMEXICO | |
| 904 |
_aAC _b007893 |
||
| 905 | _aArticulo | ||
| 999 |
_c65216 _d65216 |
||